Movies Quiz

Random Movies or Disney Quiz

Characters in Disney's movie Newsies Quiz Stats

 Plays Quiz not verified by Sporcle

Challenge
Share
Tweet
Embed
Score 0/34 Timer 05:00
0 Plays Today
% Correct
Racetrack
79%
Crutchy
68.8%
Mush
64.6%
David Jacobs
61.6%
Kid Blink
61.6%
Boots
61.3%
Les Jacobs
59.8%
Spot Conlon
57.7%
Sarah Jacobs
51.1%
Skittery
50.5%
Specs
49.5%
Joseph Pulitzer
44.7%
Snipeshooter
44.7%
Dutchy
42.9%
Bumlets
42.9%
Itey
41.1%
Bryan Denton
40.8%
% Correct
Pie Eater
40.2%
Snoddy
36.9%
Snitch
33.6%
Jack 'Cowboy' Kelly
33%
Jake
33%
Swifty
31.2%
Ten Pin
31.2%
Oscar Delancey
30%
Morris Delancey
30%
Weasel
28.2%
William Randolph Hearst
23.1%
Warden Snyder
20.4%
Patrick's mother
19.5%
Racetrack Higgins
12.3%
Theodor Roosevelt
12%
Judge Monahan
10.8%
Mr. Kloppman
10.2%

You're not logged in!

Compare scores with friends on all Sporcle quizzes.
OR
Log In

You Might Also Like...

Show Comments

Extras

Created Oct 5, 2009ReportNominate
Tags:Disney Quiz, character, newsy

Top Quizzes Today


Score Distribution

Your Account Isn't Verified!

In order to create a playlist on Sporcle, you need to verify the email address you used during registration. Go to your Sporcle Settings to finish the process.

Report this User

Report this user for behavior that violates our Community Guidelines.

Details: